| 000 | 00388cam a2200157ua 4500 | ||
|---|---|---|---|
| 041 |
_aeng _h |
||
| 082 |
_a425 _bJES/PH |
||
| 100 | _aJespersen, Otto . | ||
| 245 |
_aPhilosophy of grammar / _cOtto Jespersen. _hTextual Documents |
||
| 250 |
_a1 / _b. |
||
| 260 |
_aLondon : _bGeorge Allen & Unwin Ltd , _c1963. |
||
| 300 | _a859 ; . | ||
| 504 | _a | ||
| 942 | _cBK | ||
| 999 |
_c8654 _d8654 |
||